Fundamentalismos enmascarados /

El autor afirma que bajo la capa de modernidad y equilibrio se viven hoy nuevos extremismos, que no siempre llevan al fundamentalismo, es decir a la imposición coactiva para los demás de aquellas cosas que a nosotros nos parecen verdad. Se analiza a través de la historia este tipo de fenómenos que a...

Descripción completa

Guardado en:
Detalles Bibliográficos
Autor principal: Otero Novas, José Manuel (autor)
Formato: Libro
Idioma:Español
Publicado: Barcelona, España : Ariel, 2001, c2001
Temas:
Etiquetas: Agrega una etiqueta
Sin etiquetas, Sé el primero en etiquetar este registro!

MARC

LEADER 00000nam^a2200000^a^4500
001 000131242
005 20250521000000.0
009 20260310095016.2
020 |a 84-344-1224-1 
037 |a Acervo ITESO - Biblioteca 
041 |a ESP 
082 |a 320. 011  |b OTE 
100 |a Otero Novas, José Manuel  |e (autor) 
245 1 0 |a Fundamentalismos enmascarados /  |c J.M. Otero Novas. 
264 4 |a Barcelona, España :  |b Ariel,  |c 2001, c2001 
300 |a 408 p. 
336 |a texto  |b txt  |2 rdacontenido 
337 |a sin mediación  |b n  |2 rdamedio 
338 |a volumen  |b nc  |2 rdasoporte 
520 |a El autor afirma que bajo la capa de modernidad y equilibrio se viven hoy nuevos extremismos, que no siempre llevan al fundamentalismo, es decir a la imposición coactiva para los demás de aquellas cosas que a nosotros nos parecen verdad. Se analiza a través de la historia este tipo de fenómenos que actualemnte se practican en la OTAN y en los Estados Unidos, con los tribunales que quieren reparar las injusticias que cometen países ajenos. 
649 |a XX 
650 |a Imperialismo 
650 |a Globalización 
650 |a Fundamentalismo Religioso 
650 |a Fundamentalismo 
650 |a Fundamentalismo -  |z Europa -  |x Historia 
650 |a Justicia e Injusticia 
650 |a Derecho Internacional 
650 |a Política -  |z Austria 
650 |a Política -  |z España 
650 |a Política -  |z Europa 
650 |a Política 
650 |a España -  |x Historia -  |y Siglo XVI 
650 |a España -  |x Historia -  |y Siglo XVII 
650 |a Austria -  |x Historia -  |y Siglo XX 
910 |a Fondo General 
920 |a Impresos - Libros 
930 |a Colección General 
905 |a 101 
901 |a 0500060918  |b IT1  |c ACC  |u 20250521 
902 |a https://opac.biblio.iteso.mx/vufind/Record/000131242